Poemas en prosa: II, III y sin clasificar / (Record no. 183083)

MARC details
000 -LEADER
campo de control de longitud fija 01136nam a2200253 i 4500
001 - NÚMERO DE CONTROL
campo de control 183083
003 - IDENTIFICADOR DE NÚMERO DE CONTROL
campo de control ES-MaACL
005 - FECHA Y HORA DE LA ÚLTIMA TRANSACCIÓN
campo de control 20250821152726.0
008 - DATOS DE LONGITUD FIJA--INFORMACIÓN GENERAL
campo de control de longitud fija 140115s2012 sp | |||||||| | spa d
020 ## - NÚMERO INTERNACIONAL ESTÁNDAR DEL LIBRO
Número Internacional Estándar del Libro 978-84-9895-095-3
080 ## - NÚMERO DE LA CLASIFICACIÓN DECIMAL UNIVERSAL
Número de la Clasificación Decimal Universal 821.134.2-14"19"
100 1# - ENTRADA PRINCIPAL--NOMBRE DE PERSONA
Nombre de persona Jiménez, Juan Ramón,
Fechas asociadas al nombre 1881-1958
9 (RLIN) 66417
245 10 - MENCIÓN DEL TÍTULO
Título Poemas en prosa: II, III y sin clasificar /
Mención de responsabilidad, etc. [Juan Ramón Jiménez] ; prólogo de Juan Bonilla ; texto preparado por Julio Jensen.
260 ## - PUBLICACIÓN, DISTRIBUCIÓN, ETC.
Lugar de publicación, distribución, etc. Madrid :
Nombre del editor, distribuidor, etc. Visor Libros ;
Lugar de publicación, distribución, etc. [Huelva] :
Nombre del editor, distribuidor, etc. Diputación de Huelva,
Fecha de publicación, distribución, etc. D.L. 2012.
300 ## - DESCRIPCIÓN FÍSICA
Extensión 192 p. ;
Dimensiones 20 cm.
490 1# - MENCIÓN DE SERIE
Mención de serie Obras de Juan Ramón Jiménez ;
Designación de volumen o secuencia 28
505 8# - NOTA DE CONTENIDO CON FORMATO
Nota de contenido con formato Contiene: Ausencia, Odas libres, Amor y dolor, Elejías, El pastor herido, Ascensión ; Oasis ciudadano, Ayeres para después, Fechas de mi voz, K.Q.X. en prosa ; Poemas en prosa sin clasificar (ca. 1910-ca. 1940)
700 1# - ENTRADA AGREGADA--NOMBRE PERSONAL
Nombre de persona Jensen, Julio.
9 (RLIN) 154199
700 1# - ENTRADA AGREGADA--NOMBRE PERSONAL
Nombre de persona Bonilla, Juan,
Fechas asociadas al nombre 1966-
9 (RLIN) 30179
830 0# - PUNTO DE ACCESO ADICIONAL DE SERIE-TÍTULO UNIFORME
Título uniforme Obras de Juan Ramón Jiménez
Designación de volumen o secuencia 28
9 (RLIN) 191022
852 ## - LOCALIZACIÓN
Ubicación ES-MaACL
Número de control de estantería A-13035
itemnumber 190017
Sublocalización o colección R.149845
Ubicación en estantería Depósito 1
Signatura antigua Olim: N-6035
942 ## - ELEMENTOS DE ENTRADA SECUNDARIOS (KOHA)
Fuente del sistema de clasificación o colocación Clasificación decimal universal
Tipo de ítem Koha Libro impreso
Holdings
Estatus retirado Estado de pérdida Fuente del sistema de clasificación o colocación Estado de daño No para préstamo Biblioteca de origen Biblioteca actual Ubicación en estantería Fecha de adquisición Fuente de adquisición Total de préstamos Signatura topográfica completa Código de barras Visto por última vez Precio de reemplazo Tipo de ítem Koha
    Clasificación decimal universal     Biblioteca del Ateneo de Madrid Biblioteca del Ateneo de Madrid Depósito 1 15/01/2014 Compra   A-13035 1192422 23/02/2023 23/02/2023 Libro impreso